<?xml version="1.0" encoding="UTF-8"?>
<marc:record xmlns:marc="http://www.loc.gov/MARC21/slim">
   <marc:leader>00000nam a2200000 a 4500</marc:leader>
   <marc:datafield ind1="1" ind2=" " tag="100">
      <marc:subfield code="a">Alves, Katja ::[VerfasserIn]::</marc:subfield>
      <marc:subfield code="4">aut</marc:subfield>
      <marc:subfield code="e">Verfasser/-in</marc:subfield>
   </marc:datafield>
   <marc:datafield ind1="1" ind2=" " tag="100">
      <marc:subfield code="a">Fernández Balmaseda, Marta :</marc:subfield>
   </marc:datafield>
   <marc:datafield ind1=" " ind2=" " tag="653">
      <marc:subfield code="a">s||Detektiv</marc:subfield>
   </marc:datafield>
   <marc:datafield ind1=" " ind2=" " tag="653">
      <marc:subfield code="a">s||Haustiere</marc:subfield>
   </marc:datafield>
   <marc:datafield ind1=" " ind2=" " tag="653">
      <marc:subfield code="a">$aErstlesealter</marc:subfield>
   </marc:datafield>
   <marc:datafield ind1=" " ind2=" " tag="653">
      <marc:subfield code="a">Vorschulalter</marc:subfield>
   </marc:datafield>
   <marc:datafield ind1="0" ind2="0" tag="245">
      <marc:subfield code="a">::Die:: rätselhafte Flüsterpost</marc:subfield>
   </marc:datafield>
   <marc:datafield ind1="0" ind2="0" tag="245">
      <marc:subfield code="c">Katja Alves ; mit Illustrationen von Marta Balmaseda</marc:subfield>
   </marc:datafield>
   <marc:datafield ind1=" " ind2="1" tag="264">
      <marc:subfield code="a">Würzburg</marc:subfield>
      <marc:subfield code="b">Arena</marc:subfield>
      <marc:subfield code="c">2017</marc:subfield>
   </marc:datafield>
   <marc:datafield ind1="1" ind2=" " tag="490">
      <marc:subfield code="a">::Die:: supergeheime Pfötchen-Gäng ; 3</marc:subfield>
   </marc:datafield>
   <marc:datafield ind1=" " ind2=" " tag="250">
      <marc:subfield code="a">1. Auflage</marc:subfield>
   </marc:datafield>
   <marc:datafield ind1="1" ind2=" " tag="520">
      <marc:subfield code="a">Meerschweinchen Bertie ist sauer auf seinen Freund Knolle, weil der keine Zeit hat, mit ihm zu spielen. Per Aushang sucht er ein neues Zuhause und einen neuen Freund. Und tatsächlich schreibt jemand zurück: das Frettchen. Während Bertie nach dem geheimnisvollen Absender sucht, beginnen seine Freunde, sich Sorgen zu machen - denn jagen Frettchen nicht Mäuse? Ausserdem ist in der Nachbarschaft ein Kaninchen verschwunden. Ist es vielleicht vom Frettchen gefressen worden? Ein neues witziges Abenteuer für die Pfötchen-Gäng, das wieder sehr fantasievoll erzählt wird (zuletzt Band 2: "Die geheimnisvolle Glückskatze"). Besonders die sehr menschlichen Charakterzüge der Haustiere, wie der eitle Papagei Elvis, das ideenreiche Bastlermeerschweinchen Knolle, der eifersüchtige Bertie, das sehr redselige und anhängliche Kaninchen Rosie usw. machen die Geschichte sehr liebenswert und humorvoll. Der Band ist wieder in Grossdruck für Leseanfänger und mit vielen originellen Illustrationen ausgestattet. Zur Fortsetzung empfohlen. Ab 7</marc:subfield>
   </marc:datafield>
   <marc:datafield ind1=" " ind2=" " tag="020">
      <marc:subfield code="a">9783401711003</marc:subfield>
      <marc:subfield code="9">9783401711003</marc:subfield>
   </marc:datafield>
   <marc:datafield ind1=" " ind2=" " tag="020">
      <marc:subfield code="a">3401711008</marc:subfield>
      <marc:subfield code="9">3401711008</marc:subfield>
   </marc:datafield>
   <marc:datafield ind1=" " ind2=" " tag="542">
      <marc:subfield code="d">Arena-Verlag ::[Verlag]::</marc:subfield>
   </marc:datafield>
   <marc:datafield ind1=" " ind2=" " tag="300">
      <marc:subfield code="a">82 Seiten : Illustrationen</marc:subfield>
   </marc:datafield>
</marc:record>
